Blood's pathway through heart - Statistics

General Stats
  • This quiz has been taken 10 times
  • The average score is 6 of 13
Answer Stats
Hint Answer % Correct
1 Right Atrium
100%
3 Right Ventricle
83%
13 Aorta
67%
9 Left Atrium
67%
11 Left Ventricle
67%
7 Lungs
67%
6 Pulmonary Arteries
33%
5 Pulmonary Trunk
33%
12 Aortic Semilunar Valve
17%
10 Left AV Valve
17%
4 Pulmonary Valve
17%
8 Pulmonary Veins
17%
2 Right AV Valve
17%
No matching quizzes found
Score Distribution
Percent of People with Each Score
Percentile by Number Answered
Your Score History
You have not taken this quiz